000 00272nam a22001097a 4500
008 240711b |||||||| |||| 00| 0 eng d
100 _aGobind, Malhi
_916880
245 _aPritam Viyo Pradesh
260 _aBombay:
_bBharat Jiwan Pub;
_c1968.
300 _a228p.
942 _cBK
999 _c40020
_d40020